000 01730cam a2200349 i 4500
001 17903901
003 NUST
005 20220722105010.0
008 130930s2014 maua b 001 0 eng
010 _a 2013039005
020 _a9781422168165 (alk. paper)
040 _aDLC
_beng
_cDLC
_erda
_dD LC
042 _apcc
050 0 0 _aHD38.7
_b.D379 2014
082 0 0 _a658.4038, DAV
_223
100 1 _aDavenport, Thomas H.,
_d1954-
_912473
245 1 0 _aBig data @ work :
_bdispelling the myths, uncovering the opportunities /
_cThomas H. Davenport.
246 3 _aBig data at work
264 1 _aBoston Massachusetts :
_bHarvard Business Review Press,
_c[2014]
300 _aix, 228 pages :
_billustrations ;
_c24 cm
336 _atext
_2rdacontent
337 _aunmediated
_2rdamedia
338 _avolume
_2rdacarrier
505 0 _aWhy Big Data Is Important to You and Your Organization (Page-1), How Big Data Will Change Your Job, Your Company, and Your Industry (Page-31),Developing a Big Data Strategy (Page-59),The Human Side of Big Data (Page-85),Technology for Big Data (Page-113),What It Takes to Succeed with Big Data (Page-135),What You Can Learn from Start-Ups and Online Firms (Page-153),What You Can Learn from Large Companies: Big Data and Analytics 3.0 (Page-175).
650 0 _aBusiness intelligence
_xData processing.
_994509
650 0 _aBig data.
650 0 _aBusiness planning
_xStatistical methods.
_994510
650 0 _aData mining.
906 _a7
_bcbc
_corignew
_d1
_eecip
_f20
_gy-gencatlg
942 _2ddc
_cBK
999 _c590510
_d590510